Kalandok a barna uszályon

Elmentve itt :
Bibliográfiai részletek
Szerző: Benda Balázs
Dokumentumtípus: Cikk
Megjelent: 1992
Sorozat:Hétvilág
Kulcsszavak:Magyar irodalom - novella
Tárgyszavak:
Online Access:http://acta.bibl.u-szeged.hu/8313
LEADER 00639nab a2200205 i 4500
001 acta8313
005 20250616154010.0
008 161015s1992 hu o 000 hun d
022 |a 0866-0980 
040 |a SZTE Egyetemi Kiadványok Repozitórium  |b hun 
041 |a hun 
100 1 |a Benda Balázs 
245 1 0 |a Kalandok a barna uszályon  |h [elektronikus dokumentum] /  |c  Benda Balázs 
260 |c 1992 
300 |a 5-18 
490 0 |a Hétvilág 
650 4 |a Bölcsészettudományok 
650 4 |a Nyelvek és irodalom 
695 |a Magyar irodalom - novella 
856 4 0 |u http://acta.bibl.u-szeged.hu/8313/1/hetvilag_5_005-018.pdf  |z Dokumentum-elérés